Oxford University papers on India : (Record no. 4948)

MARC details
000 -LEADER
fixed length control field 00658cam a2200217ua 4500
001 - CONTROL NUMBER
control field 5795
005 - DATE AND TIME OF LATEST TRANSACTION
control field 20260515113934.0
008 - FIXED-LENGTH DATA ELEMENTS--GENERAL INFORMATION
fixed length control field 131025n ii |||gr||||Z||||||eng
020 ## - INTERNATIONAL STANDARD BOOK NUMBER
International Standard Book Number 19 562160 3
040 ## - CATALOGING SOURCE
Transcribing agency MAIN
082 ## - DEWEY DECIMAL CLASSIFICATION NUMBER
Classification number 954
245 ## - TITLE STATEMENT
Title Oxford University papers on India :
Remainder of title Indian Ritual and its Exegesis /
Statement of responsibility, etc. ed. by Richard F Gombrich .
250 ## - EDITION STATEMENT
Remainder of edition statement vol 2 part 1.
260 ## - PUBLICATION, DISTRIBUTION, ETC.
Place of publication, distribution, etc. Bombay:
Name of publisher, distributor, etc. Oxford University Press,
Date of publication, distribution, etc. 1988.
Place of publication, distribution, etc. Calcutta:
-- Madras:
300 ## - PHYSICAL DESCRIPTION
Extent xi,170p.
653 ## - INDEX TERM--UNCONTROLLED
Uncontrolled term History
653 ## - INDEX TERM--UNCONTROLLED
Uncontrolled term Indian Ritual and its Exegesis
653 ## - INDEX TERM--UNCONTROLLED
Uncontrolled term Oxford University papers on India
700 ## - ADDED ENTRY--PERSONAL NAME
Personal name Gombrich,Richard F.,
Relator term Editor.,
942 ## - ADDED ENTRY ELEMENTS (KOHA)
Koha item type Books
Holdings
Withdrawn status Lost status Damaged status Not for loan Home library Current library Shelving location Date acquired Total checkouts Full call number Barcode Date last seen Copy number Price effective from Koha item type
        Naharkatiya College Library Naharkatiya College Library General stacks 09/19/2020   954 | OXF 3948 09/19/2020 1 09/19/2020 Books
        Naharkatiya College Library Naharkatiya College Library General stacks 09/19/2020   954 | OXF 3949 09/19/2020 2 09/19/2020 Books
        Naharkatiya College Library Naharkatiya College Library General stacks 09/19/2020   OXF | IND 3950 09/19/2020 3 09/19/2020 Books